|
|
|
|
| LEADER |
00000nab a2200000 a 4500 |
| 001 |
vtls011121625 |
| 003 |
SK-MaSNL |
| 005 |
20260303183036.0 |
| 008 |
230222|1994 xo |||||||||||||||||slo| |
| 015 |
|
|
|a SNBRB
|
| 035 |
|
|
|a (uuid)ec7f607c-bf5c-448c-a950-9d797171104e
|
| 035 |
|
|
|a (urnnbn)urn:nbn:sk:snk:ar-a08rlc
|
| 035 |
|
|
|a urn:nbn:sk:snk-ab9sue
|
| 040 |
|
|
|a SNKBUCL
|b slo
|c SNKBUCL
|e AACR2
|
| 041 |
0 |
|
|a slo
|
| 044 |
|
|
|a xo
|c SK
|
| 100 |
1 |
|
|a Ušáková, Katarína,
|d 1957-
|4 aut
|9 9881
|
| 245 |
1 |
0 |
|a TYPY ÚLOH V UČIVE Z BIOLÓGIE :
|b K PRAGMATICKEJ FUNKCII UČEBNÝCH ÚLOH
|c Katarína Ušáková
|
| 773 |
0 |
|
|t Technológia vzdelávania : vedecko-pedagogický časopis s prílohou Slovenský učiteľ
|g Roč. 2, č. 5 (1994), s. 2-4
|
| 954 |
|
|
|a odborná, vedecká literatúra pôvodná (slovenská)
|2 lita
|
| 958 |
|
|
|a OND
|
| 958 |
|
|
|a EUIPO
|
| 958 |
|
|
|a article13
|
| 999 |
|
|
|c 2119129
|d 2121059
|